Zmluvná pokuta

Saved in:
Bibliographic Details
Main Author: Ovečková, Oľga
Format: Book
Language:Slovak
Published: Bratislava IURA EDITION 2004
Subjects:
Tags: Add Tag
No Tags, Be the first to tag this record!

MARC

LEADER 00000nam$a2200000$$$4500
001 0029411
005 20221207102856.8
020 |a 80-8078-026-9 
041 0 |a slo 
044 |a SK 
245 1 0 |a Zmluvná pokuta  |c Oľga Ovečková 
264 1 |a Bratislava  |b IURA EDITION  |c 2004 
300 |a 230 s. 
610 2 0 |a pokuty 
610 2 0 |a právo občianske 
610 2 0 |a právo obchodné 
610 2 0 |a zmluvy 
610 2 0 |a vzťahy občianskoprávne 
610 2 0 |a vzťahy obchodné 
610 2 0 |a zákonník občiansky 
610 2 0 |a zákonník obchodný 
610 2 0 |a vzťahy obchodné záväzkové 
610 2 0 |a vzťahy zmluvné 
100 1 |a Ovečková, Oľga